000
00219nam a2200097Ia 4500
005
20251222114403.0
008
251222s1900||||xx |||||||||||||| ||spa||
082
_a
DVD0090/V28
245
0
_a
Los últimos días:
942
_c
DVD
999
_c
1729
_d
1729